Architecture yearbook 8/ (Record no. 170838)

MARC details
000 -LEADER
fixed length control field 00722nam a22002297a 4500
003 - CONTROL NUMBER IDENTIFIER
control field OSt
005 - DATE AND TIME OF LATEST TRANSACTION
control field 20240716114527.0
008 - FIXED-LENGTH DATA ELEMENTS--GENERAL INFORMATION
fixed length control field 240715b |||||||| |||| 00| 0 eng d
040 ## - CATALOGING SOURCE
Original cataloging agency NUST
Language of cataloging eng
Transcribing agency NUST
Modifying agency NUST
Description conventions rda
050 ## - LIBRARY OF CONGRESS CALL NUMBER
Classification number NA7195.A7 ARC
100 ## - MAIN ENTRY--PERSONAL NAME
Personal name Trevor Dannatt
Relator term Editor
245 ## - TITLE STATEMENT
Title Architecture yearbook 8/
260 ## - PUBLICATION, DISTRIBUTION, ETC.
Place of publication, distribution, etc. London :
Name of publisher, distributor, etc. Elek Books Limited,
Date of publication, distribution, etc. 1957
300 ## - PHYSICAL DESCRIPTION
Extent 255 pages :
Other physical details Illustrations ;
Dimensions 26 cm.
336 ## - CONTENT TYPE
Source rdacontent
Content type term text
Content type code txt
337 ## - MEDIA TYPE
Source rdamedia
Media type term unmediated
Media type code n
338 ## - CARRIER TYPE
Source rdacarrier
Carrier type term volume
Carrier type code nc
504 ## - BIBLIOGRAPHY, ETC. NOTE
Bibliography, etc. note Includes bibliographical references.
650 ## - SUBJECT ADDED ENTRY--TOPICAL TERM
Form subdivision Architecture-Planning and Design.
700 ## - ADDED ENTRY--PERSONAL NAME
Personal name Arup, Ove N
942 ## - ADDED ENTRY ELEMENTS (KOHA)
Source of classification or shelving scheme Library of Congress Classification
Koha item type Ordinary Loan Books
Classification part NA7195.A7
Call number prefix NA
Call number suffix ARC
Suppress in OPAC No
Holdings
Withdrawn status Lost status Source of classification or shelving scheme Damaged status Not for loan Home library Current library Date acquired Cost, normal purchase price Total Checkouts Full call number Barcode Date last seen Accession number Cost, replacement price Price effective from Koha item type Public note
    LCC     MAIN MAIN 07/15/2024 20.00   NA7195.A7ARC 92004052564 07/15/2024 59408 20.00 07/15/2024 BOOKS Donation